000
00290nam a22001337a 4500
008
180911b xxu||||| |||| 00| 0 eng d
020
_a
9780486227290
041
_a
eng
080
_a
311
100
_a
55
101
_a
STA
245
_a
Practical Statistics
_c
Langley.r
942
_2
udc
_c
BK
999
_c
47645
_d
47645